| 000 | 00400nam a2200157Ia 4500 | ||
|---|---|---|---|
| 008 | 230917s9999||||xx |||||||||||||| ||und|| | ||
| 040 |
_e123159 _aMAIN |
||
| 041 | _aEnglish | ||
| 082 | _a657.48 S41T | ||
| 100 | _aSehgal, Ashok | ||
| 245 | 0 | _aTaxmann's Financial Accounting: Problems and Solutions | |
| 250 | _a3rd ed. | ||
| 260 |
_aNew Delhi _bTaxmann _c2008 |
||
| 300 | _a146p p. | ||
| 942 | _cBK | ||
| 999 |
_c145614 _d145614 |
||